Online
Catalog

Oración apologética por la España y su mérito literario / (Record no. 4503)

MARC details
000 -CABECERA
campo de control de longitud fija 00879cam a2200217 a 4500
001 - NÚMERO DE CONTROL
campo de control 000004697
005 - FECHA Y HORA DE LA ÚLTIMA TRANSACCIÓN
campo de control 20200929151501.0
008 - DATOS DE LONGITUD FIJA--INFORMACIÓN GENERAL
campo de control de longitud fija 780814s1976 sp b 001 0 spa
020 ## - NÚMERO INTERNACIONAL ESTÁNDAR DEL LIBRO
Número Internacional Estándar del Libro 8432503223
040 ## - FUENTE DE LA CATALOGACIÓN
Centro catalogador/agencia de origen DO-SdBNP
Lengua de catalogación spa
Centro/agencia transcriptor DLC
Centro/agencia modificador BNPHU
082 ## - NÚMERO DE LA CLASIFICACIÓN DECIMAL DEWEY
Número de clasificación 860.4
Número de documento/Ítem F727o
100 1# - ENTRADA PRINCIPAL--NOMBRE DE PERSONA
Nombre de persona Forner, Juan Pablo,
Fechas asociadas al nombre 1756-1797.
9 (RLIN) 13680
245 10 - MENCIÓN DE TÍTULO
Título Oración apologética por la España y su mérito literario /
Mención de responsabilidad, etc. Juan Pablo Forner.
260 ## - PUBLICACIÓN, DISTRIBUCIÓN, ETC.
Lugar de publicación, distribución, etc. Madrid, España :
Nombre del editor, distribuidor, etc. Editorial Doncel,
Fecha de publicación, distribución, etc. 1976.
300 ## - DESCRIPCIÓN FÍSICA
Extensión 265 p. ;
Dimensiones 18 cm.
440 #0 - MENCIÓN DE SERIE/PUNTO DE ACCESO ADICIONAL--TÍTULO
Título El Libro de bolsillo Doncel ;
Designación de volumen o secuencia 105
9 (RLIN) 8628
500 ## - NOTA GENERAL
Nota general Para que sirva der exortación al discurso leído por el Abate Denina en la academia de ciencias de Berlín, respondiendo a la cuestión que se debe a España
650 #4 - PUNTO DE ACCESO ADICIONAL DE MATERIA--TÉRMINO DE MATERIA
Término de materia o nombre geográfico como elemento de entrada Oratoria española
9 (RLIN) 13681
651 #4 - PUNTO DE ACCESO ADICIONAL DE MATERIA--NOMBRE GEOGRÁFICO
Nombre geográfico España
Subdivisión general Civilización
Subdivisión cronológica SIGLO XVIII
9 (RLIN) 13682
910 ## - DATOS DE OPCIÓN DEL USUARIO (OCLC)
Datos de opción del usuario Catalogación por copia / LC
Holdings
Estado de retiro Estado de pérdida Restricciones de uso No para préstamo Código de colección Localización permanente Ubicación/localización actual Ubicación en estantería Fecha de adquisición Número de inventario Total de préstamos Signatura topográfica completa Código de barras Fecha visto por última vez Precio válido a partir de Tipo de ítem Koha
    Préstamo interno   Monografías: Libros y Folletos General General En catalogación 24.07.2009 LF1   860.4 F727o 4697-10 25.06.2020 25.06.2020 Préstamo interno
        Monografías: Libros y Folletos General General En catalogación 20.05.2010 LF1   860.4 F727o 4697-20 25.06.2020 25.06.2020 Préstamo en sala

Powered by Koha